Normal view
MARC view
Entry Topical Term
001 - CONTROL NUMBER
- control field: 28051
003 - CONTROL NUMBER IDENTIFIER
- control field: OSt
005 - DATE AND TIME OF LATEST TRANSACTION
- control field: 20230715084723.0
008 - FIXED-LENGTH DATA ELEMENTS
- fixed length control field: 230715|| aca||aabn | a|a d
040 ## - CATALOGING SOURCE
- Original cataloging agency: OSt
- Transcribing agency: OSt
150 ## - HEADING--TOPICAL TERM
- Topical term or geographic name entry element: နိင်ငံတကာဆက်ဆံရေး
- Geographic subdivision: မြန်မာနိုင်ငံ။
670 ## - SOURCE DATA FOUND
- Source citation: Work cat.: (OSt): သက်ထွန်း၊ ဦး၊ အငြိမ်းစားသံအမတ်ကြီး-။ 28049, သံတို့အမြင်။